Представление документа в формате MARC21

ПолеНазваниеЗначение
  Тип записи a
  Библиографический уровень m
001 Контрольный номер RU\infra-m\znanium\bibl\2227073
005 Дата корректировки 20260429142058.6
008 Кодируемые данные 260407s2026 RU g rus u
020 Индекс ISBN __
a ISBN 978-5-16-021483-2
020 Индекс ISBN __
a ISBN 978-5-16-114333-9 (электр. издание)
040 Источник каталогиз. __
a Служба первич. каталог. Общество с ограниченной ответственностью «ЗНАНИУМ»
041 Код языка издания __
a Код языка текста rus
044 Код страны публикации __
a Код страны публикации RU
080 Индекс УДК __
a Индекс УДК 811.111(075.8)
084 Индекс другой классификации/Индекс ББК __
2 Источник индекса rubbk
a Индекс другой классификации/Индекс ББК 81.2Англ.я73
084 Индекс другой классификации/Индекс ББК __
2 Источник индекса okso
a Индекс другой классификации/Индекс ББК 38.05.02
100 Автор __
a Автор Анюшенкова О.Н.
q Полное имя Анюшенкова Ольга Николаевна
u Дополнение Финансовый университет при Правительстве Российской Федерации
245 Заглавие __
a Заглавие Английский язык для таможенного дела = English for Customs Service
b Продолж. заглавия Учебник
c Ответственность Финансовый университет при Правительстве Российской Федерации
250 Сведения об издании __
a Основные сведения об издании 1
260 Выходные данные __
a Место издания Москва
b Издательство ООО "Научно-издательский центр ИНФРА-М"
c Дата издания 2026
300 Физическое описание __
a Объем 526 с.
440 Серия __
a Серия Профессиональный иностранный язык
520 Аннотация __
a Аннотация Настоящий учебник представляет собой специализированное пособие для изучения профессионального английского языка в сфере таможенного дела. Издание сочетает фундаментальные знания по теории и практике современной таможенной службы с углубленным изучением отраслевой терминологии на английском языке с учетом особенностей работы в Российской Федерации и странах Евразийского экономического союза (ЕАЭС). Книга структурирована в пяти частях которые последовательно охватывают все ключевые аспекты деятельности таможенных органов. Содержит практические приложения включая образцы документов и выдержки из ключевых нормативных актов с параллельным переводом терминологии. Соответствует требованиям федеральных государственных образовательных стандартов высшего образования последнего поколения. Предназначен для студентов высших учебных заведений обучающихся по направлениям «Таможенное дело» «Юриспруденция» «Экономика» а также для слушателей программ дополнительного профессионального образования специалистов по внешнеэкономической деятельности таможенных представителей и сотрудников таможенных органов.
521 Примеч. о цел. назн. __
a Примеч. о целев. назн. Профессиональное образование
650 Тематические рубрики __
a Основная рубрика Филологические науки
x Основная подрубрика Английский язык
655 Указ. предметных рубрик (устаревшее) __
a Жанр/ форма (устаревшее) Учебник
856 Электронный адрес документа 4_
a Имя сервера/домена znanium.ru
m Помощь ebs_support@infra-m.ru
n Местонахождение сервера НИЦ ИНФРА-М
u URL https://znanium.ru/catalog/document?id=480970
856 Электронный адрес документа 48
a Имя сервера/домена znanium.ru
d Путь /cover/2227
f Электронное имя 2227073.jpg
q Тип электронного формата image/jpeg
u URL https://znanium.ru/cover/2227/2227073.jpg
911 __
u 0030=https://znanium.ru/catalog/document?id=480970